Curare/ (Record no. 3982)

MARC details
000 -LEADER
campo de control de longitud fija 01143nam a22003377a 4500
003 - IDENTIFICADOR DE NÚMERO DE CONTROL
campo de control OSt
005 - FECHA Y HORA DE LA ÚLTIMA TRANSACCIÓN
campo de control 20230706100741.0
008 - DATOS DE LONGITUD FIJA--INFORMACIÓN GENERAL
campo de control de longitud fija 170318s2016 gt||||| |||| 00| 0 spa d
040 ## - FUENTE DE CATALOGACIÓN
Centro/agencia transcriptor Lado V
082 04 - NÚMERO DE LA CLASIFICACIÓN DECIMAL DEWEY
Número de clasificación 701.18
Número de ítem B276c
100 ## - ENTRADA PRINCIPAL--NOMBRE DE PERSONA
9 (RLIN) 867
Nombre de persona Barrios, Jose Luis
Término indicativo de función/relación director
245 10 - MENCIÓN DEL TÍTULO
Título Curare/
Resto del título Espacio Crítico para las artes/
260 ## - PUBLICACIÓN, DISTRIBUCIÓN, ETC.
Nombre del editor, distribuidor, etc. ALMERIA
Fecha de publicación, distribución, etc. 2001
Lugar de publicación, distribución, etc. Mexico
300 ## - DESCRIPCIÓN FÍSICA
Extensión 152p.
Dimensiones 16.5x 21.5cm
490 ## - MENCIÓN DE SERIE
Mención de serie 17
Designación de volumen o secuencia 2001
Número Internacional Normalizado para Publicaciones Seriadas 1405-2377
505 ## - NOTA DE CONTENIDO CON FORMATO
Nota de contenido con formato Editorial
505 ## - NOTA DE CONTENIDO CON FORMATO
Nota de contenido con formato Dogmas
Título Silencio
505 ## - NOTA DE CONTENIDO CON FORMATO
Nota de contenido con formato Cronicas
Título Sofía Taboas: Umbral
505 ## - NOTA DE CONTENIDO CON FORMATO
Nota de contenido con formato Mexico en Hannover 2000
505 ## - NOTA DE CONTENIDO CON FORMATO
Nota de contenido con formato Mausoleos
Título Curator: Fist Person Feminine
505 ## - NOTA DE CONTENIDO CON FORMATO
Nota de contenido con formato Premio Marco
505 ## - NOTA DE CONTENIDO CON FORMATO
Nota de contenido con formato Sacramentos
Título Helen Escobedo y Gabriel Orozco
505 ## - NOTA DE CONTENIDO CON FORMATO
Nota de contenido con formato Sacrilegios
Título Género y sexualidad en Polonia
505 ## - NOTA DE CONTENIDO CON FORMATO
Nota de contenido con formato Revisiones
650 ## - PUNTO DE ACCESO ADICIONAL DE MATERIA--TÉRMINO DE MATERIA
Fuente del encabezamiento o término Tesauro de Arte & Arquitectura
Término de materia o nombre geográfico como elemento de entrada CULTURA
650 ## - PUNTO DE ACCESO ADICIONAL DE MATERIA--TÉRMINO DE MATERIA
Fuente del encabezamiento o término Tesauro de Arte & Arquitectura
Término de materia o nombre geográfico como elemento de entrada ARTE
650 ## - PUNTO DE ACCESO ADICIONAL DE MATERIA--TÉRMINO DE MATERIA
Fuente del encabezamiento o término Tesauro de Arte & Arquitectura
Término de materia o nombre geográfico como elemento de entrada ANALISIS
650 ## - PUNTO DE ACCESO ADICIONAL DE MATERIA--TÉRMINO DE MATERIA
Fuente del encabezamiento o término Tesauro de Arte & Arquitectura
Término de materia o nombre geográfico como elemento de entrada CRITICA
700 1# - ENTRADA AGREGADA--NOMBRE PERSONAL
Nombre de persona Svankmajer.
Término indicativo de función/relación ilustrador.
9 (RLIN) 5749
942 ## - ELEMENTOS DE ENTRADA SECUNDARIOS (KOHA)
Fuente del sistema de clasificación o colocación Clasificación Decimal Dewey
Tipo de ítem Koha Libros
Parte de la signatura que corresponde a la clasificación (Parte de la clasificación) 701.18
Parte de la signatura que identifica el ejemplar (Parte del ítem) B276c
Suprimir en OPAC No
Holdings
Estatus retirado Estado de pérdida Fuente del sistema de clasificación o colocación Especificación de materiales (volumen encuadernado u otra parte) Estado de daño No para préstamo Colección Biblioteca de origen Biblioteca actual Fecha de adquisición Enumeración/cronología de publicación seriada Número de inventario Total de préstamos Signatura topográfica completa Código de barras Visto por última vez Precio de reemplazo Tipo de ítem Koha
    Clasificación Decimal Dewey 2001     Revistas Biblioteca LadoV Biblioteca LadoV 06/07/2023 17 003182   701.18 B276c 003182 06/07/2023 06/07/2023 Libros